000 00741cam a2200241Ma 4500
001 40235
005 20230410132754.0
008 911030s1965 xxk f 000 0 spa d
035 _a(OCoLC)ocm48281292
040 _aEL$
_bspa
_cEL$
_dOCLCQ
035 _a(OCoLC)48281292
050 1 4 _aQC 792
_bG748e 1965
049 _aGRAL
110 2 _aGran Bretaña.
_bCentral Office of Information Reference Division.
245 1 3 _aLa energía nuclear en Gran Bretaña.
260 _a[Londres] :
_b[Her Majesty Stantionery Office,
_c1965]
300 _a97 p. ;
_c24 cm.
650 0 _aNuclear energy
650 0 _aNuclear energy
_zGreat Britain.
710 1 _aGran Bretana.
_bBritish Information Services.
942 _2lcc
_cbk
994 _aC0
_bDRFGD
999 _c87477
_d87477